1717 1299 1717 1357 1711 1353 1364 1182 1267 1833 1447 1108 1976 1356 1513 1469 1745 1476 1315 1808 1127 1336 1914 1925 1092 1493 1086 1075 1122 1890 1947 1865 1126 1152 1172 1467 1120 1792 1322 1216 1473 1956 1310 1620 1462 1068 1868 1099 1273 1435 1212 1746 1706 1367 1252 1443 1292 1284 1428 1035 1413 1298 1036 1275 1651 1756 1613 1195 1038 1346 1145 1016 1187 1039 1203 1506 1179 1898 1203 1525 1884 1717 1782 1816 1475 1111 1952 1057 1427 1755 1171 1247 1065 1566 1317 1122 1373 1697 1752 BCNSPRNW ULIB Ver.6.0+V

เปลี่ยนเป็นภาษาไทย

Change to English
 แสดงรายละเอียดบรรณานุกรม
  กลับหน้าหลัก

Brief Record : Get Marc (ISO 2709) : E-mail record : QR code < ปิดหน้าต่าง
LEADER : 00000nam 2200000uu 4500
001    13399126383
003     ULIB
008    180911s2559||||th 000 0 tha d
020    ^a9786162147234
050    ^aนว^bว177ห
100 0  ^aวรรณวรรธน์
245 10 ^aหนึ่งด้าวฟ้าเดียวกัน เล่ม 1/ ^cวรรณวรรธน์
250    ^aพิมพ์ครั้งที่ 9
260    ^aกรุงเทพฯ : ^bณ บ้านวรรณกรรม, ^c2559
300    ^a342 หน้า ;^c21 ซม
945    ^p270^l0^i004609
999    ^aวรรณษา ชูชัยมงคล
รายการนี้ยังไม่มีแท็ก
คุณยังไม่ได้ล็อกอิน คุณสามารถมีกิจกรรมร่วมกับเว็บไซต์ได้ แต่ต้องล็อกอินก่อน ::
  ล็อกอิน

รายการสื่อสารสนเทศ

ลำดับที่ ประเภท เลขเรียก/บาร์โค้ด สถานที่ สถานะ
1. นวนิยาย
นวนิยาย
นว ว177ห ฉ.1 
  Barcode: 004609
ห้องสมุดวิทยาเขตสวรรค์ประชารักษ์
►หนังสือทั่วไป
บนชั้น

รายการใกล้เคียง
    ผู้แต่ง [วรรณวรรธน์]

BibComment


ยังไม่เคยถูกคอมเมนท์

คอมเมนท์ทรัพยากรรายการนี้
  คอมเมนท์: หนึ่งด้าวฟ้าเดีย..


 Copyright 2026. Bcnsprnw @Library